000 01710nam a2200433 c 4500
001 23904
003 ES-MaCES
005 20141221122857.0
008 110713s2011 sp d o000 | spa d
017 _aM 6843-2011
_bDL
020 _a9788493754563
024 7 _a800-10-057-9
_2nipo
035 _aCES20110005858m
040 _aES-MaCES
_bspa
_cES-MaCES
245 0 0 _aIgualdad y prevención de la violencia de género en la adolescencia
_cinvestigación realizada en el marco de un Convenio entre la Universidad Complutense y el Ministerio de Igualdad, con la col. de las Comunidades Autónomas y del Ministerio de Educación ; dirs., María José Díaz-Aguado Jalón, María Isabel Carvajal Gómez
260 _aMadrid
_bMinisterio de Sanidad, Política Social e Igualdad
_c[2011]
300 _a412 p.
_bgráf. col.
_c24 cm
490 1 _aContra la violencia de género. Documentos
_v8
541 _cGratuito
650 4 _ajuventud
_928522
650 4 _aviolencia
_929388
650 4 _amalos tratos
_930808
650 4 _aigualdad de oportunidades
_927183
650 4 _aprevención
_929707
650 4 _asistema educativo
_927375
650 4 _asistema de valores
_929392
650 4 _aalumno
_927439
650 4 _amaestro
_928489
650 4 _aencuesta
_928856
650 4 _aEspaña
_926964
653 1 0 _aMujer
700 1 _aDíaz-Aguado Jalón, María José
_edir.
_910652
700 1 _aCarvajal Gómez, María Isabel
_edir.
_99153
710 1 _aEspaña
_bMinisterio de Sanidad, Política Social e Igualdad
_eed.
_93267
830 0 _aContra la violencia de género
_pDocumentos
_v8
_934376
902 _aLIB Libro
942 _2CES
_cBK
_h3.3.
999 _c23904
_d23904